Statistics for Age of Empires III DE

Click here to take the quiz!

General Stats

  • This quiz has been taken 17 times
  • The average score is 25 of 36

Answer Stats

ExpansionCivilization% Correct
Age of Empires IIIBritish
100%
Age of Empires IIIFrench
100%
Act III: India
93%
Act I: Japan
93%
Age of Empires IIIDutch
93%
Age of Empires IIIPortuguese
93%
Age of Empires IIISpanish
93%
Act II: China
86%
The WarchiefsAztecs
86%
The Asian DynastiesChinese
86%
Age of Empires IIIGermans
86%
The Asian DynastiesIndians
86%
Knights of the MediterraneanItalians
86%
The Asian DynastiesJapanese
86%
Age of Empires IIIOttomans
86%
Age of Empires IIIRussians
86%
The Asian Dynasties
86%
The WarchiefsLakota
79%
Definitive EditionUnited States
79%
Knights of the MediterraneanMaltese
71%
Definitive EditionMexicans
71%
The African RoyalsEthiopians
64%
The WarchiefsHaudenosaunee
64%
Definitive EditionInca
64%
Definitive EditionSwedes
64%
The African RoyalsHausa
57%
Act I: Blood
50%
Act I: Fire
50%
Age of Empires III
50%
The Warchiefs
50%
Act III: Steel
43%
The African Royals
43%
Act II: Ice
36%
Act II: Shadow
29%
Definitive Edition
29%
Knights of the Mediterranean
29%

Score Distribution

Percentile by Number Answered

Percent of People with Each Score

Your Score History

You have not taken this quiz